Jaki to koszykarz? #1 - Statystyki

Ogólne statystyki
  • Ten quiz został rozwiązany 26 razy
  • Średni wynik to 4 z 10
Statystyki odpowiedzi
Hint Odpowiedź % Poprawnych
Popularny "Slim Reaper". Znany ze swojego świetnego mid-range'a. W 2016 roku wzburzył cały koszykarski świat swoją decyzją o przenosinach do innego zespołu. Kevin Durant
77%
Legenda koszykówki i świetny przyjaciel LeBrona Jamesa. Dwyane Wade
64%
It's time! Kibice NBA pamiętają jego ikoniczny rzut nad Paulem Georgem. Damian Lillard
50%
Strzelec wyborowy Miami Heat. Jack Harlow nagrał kiedyś o nim piosenkę. Tyler Herro
36%
Legenda Miami Heat, która wraz z końcem sezonu 22/23 kończy swoją koszykarską karierę. Udonis Haslem
36%
"The Logo", obecnie figuruje w zarządzie drużyny Los Angeles Clippers. Jerry West
32%
Wysoki i postawny zawodnik wybrany w Drafcie 2014 przez Los Angeles Lakers. Po nieudanej przygodzie w Pelicans, w 2019 roku przeniósł się do większego miasta, aby stać się pierwszoplanową gwiazdą nowego projektu. Julius Randle
27%
Europejczyk, którzy szturmem wdarł się na amerykańskie parkiety. Głównie kojarzony z Kalifornią, w której spędził 6 lat. Na swoim koncie ma m.in. 2 mistrzostwa, 6 występów w All-Star Game oraz statuetkę Rookie of the Year. Pau Gasol
23%
Amerykański center, całą swoją dotychczasową karierę spędził w Nowym Jorku. Mitchell Robinson
18%
Zawodnik tworzący obecnie jeden z najlepszych duetów w lidze NBA. Jeszcze nigdy nie wygrał pierścienia. Jaylen Brown
14%
Nie znaleziono quizów pasujących do podanych kryteriów
Rozkład punktacji
Procent ludzi z każdym wynikiem
Percentyl według liczby udzielonych odpowiedzi
Twoja historia wyników
Nie rozwiązałeś tego quizu